000 00533nam a2200205Ia 4500
005 20250505125009.0
008 008 250505s9999 xx 000 0 eng d
037 _aReference
040 _aLCO
_beng
_cLCO
041 _aeng
_2eng
084 _aZOaX R4
_qLCO
100 _aNagar, Ranita
245 0 _aLaw and Economics
_cNagar Ranita
260 _aLucknow, India
_bEastern Book Company
_c2024
300 _a388
365 _aINR
_b1245
650 _aLaw
942 _cREF
_hZOaX R4
999 _c1311015
_d1311015